000 00776nam0a2200241 4500
001 RU\NLR\BIBL_A\011653304
005 20250626103753.0
035 _a(NLR Aleph) 011653304
090 _a11140366
_c11140366
100 _a20180307d1958 |||y0rusy50 ca
101 0 _aava
102 _aRU
105 _aaaaaz 000gy
200 1 _aТIогьире рахунеб наухтIа
_fГ. Машидат
210 _aМахачкала
_cДаг. кн. изд-во
_d1958
215 _a190,[1] с.
_d14
541 1 _aВ пути на вершину
_zrus
686 1 _aШ6(2=Ав)7-5
700 1 _aГаирбекова
_bМ.Г.
_f1927-1995
_gМашидат Гаджиевна
_4070
852 _aNLR
_bОНЛ
_jАвар./1-136
942 _cBOOK
980 _aNB